| 000 | 00574 a2200169 4500 | ||
|---|---|---|---|
| 999 |
_c10171 _d10171 |
||
| 020 | _a9781850918974 | ||
| 050 | _aHF5549.5 DAV 1992 | ||
| 100 |
_aDavey, D. Mackenzie _eauthor |
||
| 245 |
_aHow to be a good judge of character : _bmethods of assessing ability and personality / _cD Mackenzie Davey; Peter Kneebone |
||
| 264 |
_aLondon : _b Kogan Page, _c1992 |
||
| 300 | _a208 pages : illustrations ; 22 cm | ||
| 500 | _aincludes index | ||
| 650 | _a Employee selection. | ||
| 650 | _a Human behavior. | ||
| 700 | _a Kneebone, Peter | ||
| 942 |
_2lcc _cBK _h5549.5 _iDAV _kHF |
||